Lyrics: John Lennon - Imagine - Statistics

General Stats
  • This quiz has been taken 1,654 times
  • The average score is 104 of 127
Answer Stats
ANSWER % Correct
A
100%
a
100%
I
100%
I'm
100%
Imagine
100%
the
99%
No
98%
no
98%
all
96%
people
96%
there's
93%
You
92%
you
92%
Living
90%
only
89%
to
89%
be
87%
not
87%
one
87%
one
87%
And
85%
But
85%
dreamer
85%
heaven
85%
say
85%
us
85%
for
83%
world
83%
world
83%
if
81%
It
81%
may
81%
in
80%
will
79%
peace
78%
as
77%
join
74%
try
74%
hope
73%
today
73%
It's
72%
life
72%
hell
71%
religion
71%
easy
70%
below
69%
do
69%
sky
69%
someday
69%
Above
68%
too
68%
you'll
67%
you'll
67%
countries
65%
can
64%
hard
64%
live
64%
or
64%
die
63%
isn't
60%
Nothing
56%
kill
52%
of
51%
man
49%
wonder
49%
brotherhood
44%
possessions
44%
hunger
43%
need
33%
Sharing
31%
greed
30%
No matching quizzes found
Score Distribution
Percent of People with Each Score
Percentile by Number Answered
Your Score History
You have not taken this quiz